<?xml version="1.0" encoding="UTF-8"?>
<record
    xmlns:xsi="http://www.w3.org/2001/XMLSchema-instance"
    xsi:schemaLocation="http://www.loc.gov/MARC21/slim http://www.loc.gov/standards/marcxml/schema/MARC21slim.xsd"
    xmlns="http://www.loc.gov/MARC21/slim">

  <leader>00669nam a22001697a 4500</leader>
  <datafield tag="999" ind1=" " ind2=" ">
    <subfield code="c">10784</subfield>
    <subfield code="d">10784</subfield>
  </datafield>
  <controlfield tag="003">FranzMayer</controlfield>
  <controlfield tag="005">20191004132253.0</controlfield>
  <controlfield tag="008">191004b           ||||| |||| 00| 0 eng d</controlfield>
  <datafield tag="040" ind1=" " ind2=" ">
    <subfield code="c">Franz</subfield>
  </datafield>
  <datafield tag="050" ind1=" " ind2=" ">
    <subfield code="a">LM29</subfield>
    <subfield code="b">.E65 1769</subfield>
  </datafield>
  <datafield tag="245" ind1=" " ind2=" ">
    <subfield code="a">Epistolae, quae per totum annum leguntur, tam de tempore, quam de Sanctis, ex Missali Romano, Clementis VIII primvm, nunc denuo Vrbani Papae VIII. Auctoritate recognito..</subfield>
  </datafield>
  <datafield tag="260" ind1=" " ind2=" ">
    <subfield code="a">Matriti :  </subfield>
    <subfield code="b">Typis D. Francisci Emmanuelis de Mena Bibliopolae</subfield>
    <subfield code="c">1769</subfield>
  </datafield>
  <datafield tag="500" ind1=" " ind2=" ">
    <subfield code="a">Estado f&#xED;sico : en mal estado, separado para restauraci&#xF3;n</subfield>
  </datafield>
  <datafield tag="500" ind1=" " ind2=" ">
    <subfield code="a">LM-29</subfield>
  </datafield>
  <datafield tag="650" ind1=" " ind2=" ">
    <subfield code="a">Leccionarios </subfield>
    <subfield code="x">Ep&#xED;stolas</subfield>
    <subfield code="y">Siglo XVIII</subfield>
    <subfield code="9">28349</subfield>
  </datafield>
  <datafield tag="942" ind1=" " ind2=" ">
    <subfield code="2">lcc</subfield>
    <subfield code="c">B</subfield>
  </datafield>
  <datafield tag="952" ind1=" " ind2=" ">
    <subfield code="0">0</subfield>
    <subfield code="1">0</subfield>
    <subfield code="2">lcc</subfield>
    <subfield code="4">0</subfield>
    <subfield code="7">0</subfield>
    <subfield code="8">CFM</subfield>
    <subfield code="a">BRCA</subfield>
    <subfield code="b">BRCA</subfield>
    <subfield code="d">2019-10-04</subfield>
    <subfield code="i">LM-29</subfield>
    <subfield code="l">0</subfield>
    <subfield code="o">LM29 .E65 1769</subfield>
    <subfield code="p">CFM00495</subfield>
    <subfield code="r">2019-10-04 00:00:00</subfield>
    <subfield code="w">2019-10-04</subfield>
    <subfield code="y">B</subfield>
  </datafield>
</record>
